Quản lí hành chính nhà nước và quản lí ngành giáo dục và đào tạo Giáo trình dành cho sinh viên các trường Sư phạm. Biên soạn theo chương trình của Bộ Giáo dục và Đào tạo ban hành. Quyết định số 33/2002/QQĐ/BGD &ĐT
Một số vấn đề cơ bản về nhà nước, quản lí hành chính nhà nước và công vụ, công chức cùng đường lối quan điểm của Đảng và nhà nước về giáo dục và đào tạo. Những điều lệ, qui chế, qui định của Bộ Giáo dục và Đào tạo đối với giáo dục mầm non và giáo dục phổ thông. Giới thiệu luật giáo dục và luật bảo v...
Wedi'i Gadw mewn:
| Prif Awdur: | |
|---|---|
| Awduron Eraill: | , , , |
| Fformat: | Llyfr |
| Iaith: | Vietnamese |
| Cyhoeddwyd: |
H.
Đại học Sư phạm
2003
|
| Pynciau: | |
| Tagiau: |
Ychwanegu Tag
Dim Tagiau, Byddwch y cyntaf i dagio'r cofnod hwn!
|
| Thư viện lưu trữ: | Mạng thư viện Đại học Đà Nẵng |
|---|
| LEADER | 02206nam a22004218a 4500 | ||
|---|---|---|---|
| 001 | 000016316 | ||
| 003 | 12716 | ||
| 005 | 20121009091000.0 | ||
| 008 | 120823s2003 b 000 0 od | ||
| 020 | |c 24500đ |d 2000b | ||
| 041 | 0 | |a 0305 | |
| 041 | 0 | |a vie | |
| 080 | |a 34(V)15(075.3) | ||
| 082 | |a 353.8 |b PH-V | ||
| 084 | |a S611.1z73 |b QU000ả | ||
| 100 | 1 | |a Phạm Viết Vượng | |
| 245 | 1 | 0 | |a Quản lí hành chính nhà nước và quản lí ngành giáo dục và đào tạo |b Giáo trình dành cho sinh viên các trường Sư phạm. Biên soạn theo chương trình của Bộ Giáo dục và Đào tạo ban hành. Quyết định số 33/2002/QQĐ/BGD &ĐT |c B.s: Phạm Viết Vượng (ch.b), Ngô Thành Can, Trần Quang Cấn.. |
| 260 | |a H. |b Đại học Sư phạm |c 2003 | ||
| 300 | |a 306tr |c 21cm | ||
| 500 | |a ĐTTS ghi: Trường ĐHSP Hà Nội. Viện nghiên cứu sư phạm. - Thư mục: tr. 305-306 | ||
| 520 | |a Một số vấn đề cơ bản về nhà nước, quản lí hành chính nhà nước và công vụ, công chức cùng đường lối quan điểm của Đảng và nhà nước về giáo dục và đào tạo. Những điều lệ, qui chế, qui định của Bộ Giáo dục và Đào tạo đối với giáo dục mầm non và giáo dục phổ thông. Giới thiệu luật giáo dục và luật bảo vệ chăm sóc và giáo dục trẻ em cùng thực tiễn giáo dục Việt Nam | ||
| 653 | |a Luật giáo dục | ||
| 653 | |a Giáo trình | ||
| 653 | |a Quản lí hành chính | ||
| 700 | 1 | |a Trần Quang Cấn |e Tác giả | |
| 700 | 1 | |a Đặng Thị Thanh Huyền |e Tác giả | |
| 700 | 1 | |a Ngô Thành Can |e Tác giả | |
| 700 | 1 | |a Đỗ Ngọc Đạt |e Tác giả | |
| OWN | |a LSP | ||
| AVA | |a UDN50 |b LSP |d 353.8 PH-V |e check_holdings |t Error 5003 Not defined in file expand_doc_bib_avail. |h N |k 1 | ||
| 999 | |a From the UDN01 | ||
| AVA | |a UDN50 |b LSP |d 353.8 PH-V |e available |t Error 5001 Not defined in file expand_doc_bib_avail. |f 386 |g 0 |h N |i 23 |k 1 | ||
| TYP | |a Monograph | ||
| TYP | |a Printed language | ||
| 980 | |a Mạng thư viện Đại học Đà Nẵng | ||